| 000 | 00659nam a2200217 u 4500 | ||
|---|---|---|---|
| 005 | 20240831063815.0 | ||
| 008 | 170913s1992 r 000 0 eng d | ||
| 020 | _a847647363X | ||
| 035 | _aUPN01000220480 | ||
| 049 | _aI | ||
| 050 | 4 |
_aPZ78 _bR6.25 |
|
| 100 | 1 |
_aRodríguez Almodóvar, Antonio, _d1941- _930636 |
|
| 245 | 1 | 0 |
_aEl dinero o la suerte / _cA. R. Almodóvar ; il. Shula Goldman. |
| 260 |
_aEspaña : _bAlgaida, _c1992. |
||
| 300 |
_a16 p. : _bil. col. |
||
| 440 | 0 | _aCuentos de la media lunita | |
| 650 | 4 |
_aCuentos infantiles españoles _97725 |
|
| 650 | 4 |
_aLiteratura infantil española _95892 |
|
| 905 | _aInfantil | ||
| 999 |
_c192579 _d192579 |
||